• 首页
  • 本馆介绍
  • 公告通知
  • 最新文献
  • 馆藏检索
  • 电子资源
  • 读者导购
  • 参考咨询
  • 我的图书馆
  • 登录
  • 详细信息显示
  • 放入我的书架
  • 预约/预借图书
  • 作者相关作品
  • 分类相关作品
  • 丛书相关作品
  • 出版社相关作品

书目信息

  • 表格格式
  • 工作单格式
  • 卡片格式
题名:
时光里的爱
    
 
作者: 段武宽 著
分册:  
出版信息: 北京   中国妇女出版社  2021.01
页数: 10,222页
开本: 24cm
丛书名: 爱和自由教育文丛
单 册:
中图分类: G78-53
科图分类:
主题词: 儿童教育--家庭教育--文集
电子资源:
ISBN: 978-7-5127-1936-1
000 00964nam0 2200241 450
001 012001002016
005 20141203102531.0
010    @a978-7-5127-1936-1@dCNY59.80
100    @a20220905d2021 em y0chiy50 ea
101 0  @achi
102    @aCN@b110000
105    @aa z 000yy
106    @ar
200 1  @a时光里的爱@Ashi guang li de ai@f段武宽著
210    @a北京@c中国妇女出版社@d2021.01
215    @a10,222页@c图,照片@d24cm
225 1  @a爱和自由教育文丛
330    @a本书记录了作者从教师到校长,从幼儿园到小学,跟孩子之间发生的事情。记录了几十个不同的孩子从幼儿时啼哭的故事到12岁可以高情商、高理智地对话场景。10年的岁月,10年情绪的成长,10年心智的成长,10年关系的成长、10年生命的变化。当作者把这些故事串起来,就可以立体生动地看到一个孩子延展10年的成长秘密,而且一步都没有错过。
606 0  @a儿童教育@x家庭教育@j文集
690    @aG78-53@v5
701  0 @a段武宽@Aduan wu kuan@4著
801  0 @aCN@bAHXH@c20221111
905    @b1372039-43@dG78-53@e2959@f5
    
    时光里的爱/段武宽著.-北京:中国妇女出版社,2021.01
    10,222页:图,照片;24cm.-(爱和自由教育文丛)
    
    
    ISBN 978-7-5127-1936-1:CNY59.80
    本书记录了作者从教师到校长,从幼儿园到小学,跟孩子之间发生的事情。记录了几十个不同的孩子从幼儿时啼哭的故事到12岁可以高情商、高理智地对话场景。10年的岁月,10年情绪的成长,10年心智的成长,10年关系的成长、10年生命的变化。当作者把这些故事串起来,就可以立体生动地看到一个孩子延展10年的成长秘密,而且一步都没有错过。
●
相关链接 在E读中查询图书 在五车中查询图书 在当当中查询图书 在豆瓣中查询图书


正题名:时光里的爱     索取号:G78-53/2959         预约/预借

序号 登录号 条形码 馆藏地/架位号 状态 备注
1 1372039   213720393   第一样本阅览室/ [索取号:G78-53/2959] 在馆    
2 1372040   213720400   教育系资料室/ [索取号:G78-53/2959] 在馆    
3 1372041   213720419   教育系资料室/ [索取号:G78-53/2959] 在馆    
4 1372042   213720428   第四借阅区/ [索取号:G78-53/2959] 在馆    
5 1372043   213720437   第四借阅区/ [索取号:G78-53/2959] 在馆    
唐山师范学院图书馆 欢迎您!
大连网信软件有限公司© 版权所有